Languages by Map of Geographic Distribution of Speakers 🗺️ - Statistics

General Stats
  • This quiz has been taken 648 times
  • The average score is 16 of 17
Answer Stats
Picture Answer % Correct
French
100%
Portuguese
100%
Spanish
100%
English
99%
German
99%
Russian
99%
Italian
98%
Korean
98%
Mandarin
98%
Turkish
98%
Arabic
97%
Dutch
95%
Hebrew
92%
Persian
92%
Swahili
81%
Bengali
80%
Kurdish
80%
No matching quizzes found
Score Distribution
Percent of People with Each Score
Percentile by Number Answered
Your Score History
You have not taken this quiz